Music Quiz

Random Music or Decade Quiz
Score 0/53 Timer 10:00
2 Plays Today
Songs (year) Artist % Correct
Rocket Man (1972),
I Guess That's Why They Call It The Blues (1984),
Candle In The Wind '97 (1997)
Elton John
89.3%
Killer Queen (1975),
Crazy Little Thing Called Love (1980),
Bohemian Rhapsody (1992)
Queen
87.8%
(I Can't Get No) Satisfaction (1965),
Angie (1973),
Undercover Of The Night (1984)
The Rolling Stones
82.7%
Ben (1972),
Wanna Be Startin' Something (1983),
Black Or White (1992)
Michael Jackson
82.3%
Heartbreak Hotel (1956),
Suspicious Minds (1969),
Way Down (1977)
Elvis Presley
79.9%
You Give Love A Bad Name (1986),
Bed Of Roses (1994),
Who Says You Can't Go Home (2006)
Bon Jovi
78.2%
Surfer Girl (1963),
Rock and Roll Music (1976),
Kokomo (1988)
The Beach Boys
77.4%
Respect (1967),
Until You Come Back To Me (That's What I'm Gonna Do) (1974),
Freeway Of Love (1985),
A Rose Is Still A Rose (1998)
Aretha Franklin
76%
With Or Without You (1987),
Mysterious Ways (1992),
Beautiful Day (2001)
U2
75.2%
Dream On (1976),
Angel (1988),
Livin' On The Edge (1994),
Jaded (2001)
Aerosmith
74.4%
Just The Way You Are (1978),
Uptown Girl (1984),
The River Of Dreams (1993)
Billy Joel
73.9%
Maggie May (1971),
Infatuation (1984),
Have I Told You Lately (1993)
Rod Stewart
67.9%
Pride And Joy (1963),
Let's Get It On (1973),
Sexual Healing (1983)
Marvin Gaye
67.2%
Saving All My Love For You (1985),
I Will Always Love You (1992/2012),
My Love Is Your Love (2000)
Whitney Houston
64.5%
I Shot The Sheriff (1974),
I've Got A Rock'n'Roll Heart (1983),
Change The World (1997)
Eric Clapton
61.7%
All I Really Want To Do (1965),
Half-Breed (1973),
I Found Someone (1988),
Believe (1999)
Cher
61.3%
Barracuda (1977),
What About Love (1985),
All I Wanna Do Is Make Love To You (1990)
Heart
60.8%
When I Think Of You (1986),
Again (1995),
All For You (2001)
Janet (Jackson)
59.8%
Nuthin But a 'G' Thang (1993),
Forget About Dre (2000),
I Need A Doctor (2011)
Dr Dre
58.6%
Dance The Night Away (1979),
Jump (1984),
Can't Stop Lovin' You (1995)
Van Halen
57.9%
Lucky Star (1984),
This Used To Be My Playground (1993),
What It Feels Like For A Girl (2001),
Madonna
57.3%
You Really Got Me (1964),
Lola (1970),
Come Dancing (1983)
The Kinks
54%
Evil Ways (1970),
Winning (1981),
Smooth (1999),
Why Don't You And I (2003)
Santana
53.2%
Papa's Got A Brand New Bag (1965),
Get On The Good Foot (1972),
Living In America (1986)
James Brown
50.8%
Nice & Slow (1998),
U Got It Bad (2001),
OMG (2010)
Usher
48%
Fortress Around Your Heart (1985),
Fields Of Gold (1993),
Desert Rose (2000)
Sting
47%
Sherry (1962),
December 1963 (Oh What A Night) (1976),
December 1963 (Oh What A Night) (remix) (1994)
Four Seasons
44%
Songs (year) Artist % Correct
Ruby, Don't Take Your Love To Town (1969),
Lucille (1977),
Islands In The Stream (1984)
Kenny Rogers
43.9%
Five Minutes More (1946),
Learnin' The Blues (1955),
Strangers In The Night (1966)
Frank Sinatra
43.2%
Cherry Cherry (1966),
Song Sung Blue (1972),
Yesterday's Songs (1982)
Neil Diamond
40.6%
Love Don't Cost A Thing (1999),
I'm Real (2001),
On the Floor (2011)
Jennifer Lopez
38.4%
Ramblin' Gamblin' Man (1969),
Night Moves (1977),
Shakedown (1987)
Bob Seger
38.2%
Go Now (1965),
Nights In White Satin (1972),
Your Wildest Dreams (1986)
Moody Blues
36.2%
Walk On By (1964),
Then Came You (1974),
That's What Friends Are For (1986)
Dionne Warwick
34.5%
People (1964),
Evergreen (Love Theme from 'A Star Is Born') (1977),
Comin' In And Out Of Your Life (1982),
I Finally Found Someone (1997)
Barbra Streisand
33.6%
...Baby One More Time (1999),
Womanizer (2008)
3 (2010)
Britney Spears
30.9%
Lady (1975),
The Best Of Times (1981),
Show Me The Way (1991)
Styx
29.3%
Fingertips, Part 2 (1963),
Living For The City (1974),
Go Home (1986)
Stevie Wonder
28.9%
Hard Knock Life (Ghetto Anthem) (1999),
Dirt Off Your Shoulder (2005)
Empire State of Mind (2010)
Jay-Z
23.3%
Diana (1957),
My Home Town (1960),
(You're) Having My Baby (1974)
Paul Anka
21.4%
You're No Good (1975),
Somewhere Out There (1987),
Don't Know Much (1990)
Linda Ronstadt
18.6%
Can't Nobody Hold Me Down (1997),
I Need A Girl (Part One) (2002),
Coming Home (2011)
Diddy / Puff Daddy / P Diddy
17.6%
Stairway To Heaven (1960),
Laughter In The Rain (1975),
Should've Never Let You Go (1980)
Neil Sedaka
16.9%
Boogie Woogie Bugle Boy (1973),
The Rose (1980),
From a Distance (1990)
Bette Midler
15.5%
Saturday in the Park (1972),
Hard To Say I'm Sorry (1982),
What Kind of Man Would I Be? (1990)
Chicago
14.6%
Bailamos (1999),
Be With You (2000),
Tonight (I'm Lovin' You) (2011)
Enrique Iglesias
14.5%
This Guy's In Love With You (1968),
Rise (1979),
Diamonds (1987)
Herb Alpert
8.4%
Poor Little Fool (1958),
Travelin' Man (1961),
Garden Party (1972)
Ricky/Rick Nelson
8.2%
It's Not For Me To Say (1957),
What Will My Mary Say (1963),
Too Much Too Little Too Late (1978)
Johnny Mathis
7.9%
Close Your Eyes (1967),
Reunited (1979),
I Pledge My Love (1980)
Peaches and Herb
7%
Twist and Shout (1962),
Love The One You're With (1971),
Contagious (2001)
The Isley Brothers
4.6%
Are You Sincere? (1958),
Can't Get Used To Losing You (1963),
(Where Do I Begin?) Love Story (1971)
Andy Williams
4.2%
Till the End of Time (1945),
Hot Diggity (Dog Diggity Boom) (1956),
It's Impossible (1971)
Perry Como
4.1%
Remove Ads.
Support Sporcle.
Get the best of Sporcle when you Go Orange. This ad-free experience offers more features, more stats, and more fun while also helping to support Sporcle. Thank you for becoming a member.

You're not logged in!

Compare scores with friends on all Sporcle quizzes.
OR
Log In

Sporcle TV

Today on Sporcle TV


Watch our educational content, quiz creation guides, and fun videos on Sporcle TV.

Show Comments

Extras

Top Quizzes Today


Score Distribution

Paid Content

Your Account Isn't Verified!

In order to create a playlist on Sporcle, you need to verify the email address you used during registration. Go to your Sporcle Settings to finish the process.

Report this User

Report this user for behavior that violates our Community Guidelines.

Details: